| 000 | 00386nam a2200157 4500 | ||
|---|---|---|---|
| 008 | 190521s2005||||CZ d | ||
| 100 | 1 |
_aCayce Edgar _91105 |
|
| 245 | 1 | 0 |
_a200 ispirujících príbehu _bpre 4.rocník zdš |
| 260 |
_bEko-kozult _aBratislava _c2005 |
||
| 250 | _a1.vydanie | ||
| 300 | _a215s. | ||
| 020 |
_a8080790361 _c0 |
||
| 041 | 1 | _acze | |
| 044 | _aCZ | ||
| 958 | _aA | ||
| 999 |
_c22399 _d22399 |
||